书目信息 |
| 题名: |
常见病家庭护理
|
|
| 作者: | 王廷珍 | |
| 分册: | ||
| 出版信息: | 人民军医出版社 1989.12 |
|
| 页数: | 324页 | |
| 开本: | 32开 | |
| 丛书名: | ||
| 单 册: | ||
| 中图分类: | R473.1 | |
| 科图分类: | ||
| 主题词: | 护理学 | |
| 电子资源: | ||
| ISBN: | 978-7-122-02385-8 | |
| 000 | 00520nam0 2200181 45 | |
| 001 | 9911301546 | |
| 005 | 19991130153742.1 | |
| 010 | @a978-7-122-02385-8@d4.95 | |
| 100 | @a19991130d1989 km y0chiy0120 ea | |
| 101 | @achi | |
| 105 | @a z 000yy | |
| 200 | 1 | @a常见病家庭护理@AChang Jian Bing Jia Ting Hu Li@f王廷珍@FWang Ting Zhen |
| 210 | @c人民军医出版社@d1989.12 | |
| 215 | @a324页@c无图表@d32开 | |
| 606 | 0 | @a护理学 |
| 690 | @aR473.1@v3 | |
| 801 | @aCN@bPerfectUser@c19991130 | |
| 905 | @aBZT@b44131-135@f5@dR473.1@e2 | |
| 常见病家庭护理/王廷珍.-人民军医出版社,1989.12 |
| 324页:无图表;32开 |
| ISBN 978-7-122-02385-8:4.95 |
| ● |
| 相关链接 |
|
|
|
正题名:常见病家庭护理
索取号:R473.1/2
 
预约/预借
| 序号 | 登录号 | 条形码 | 馆藏地/架位号 | 状态 | 备注 |
| 1 | 44131 | 200176898 | 中心书库中库/ 中库008架B面3列4层44/ [索取号:R473.1/2] | 在馆 | |
| 2 | 44133 | 200176905 | 中心书库中库/ 中库008架B面3列4层36/ [索取号:R473.1/2] | 在馆 | |
| 3 | 44134 | 200176889 | 中心书库中库/ 中库008架B面3列4层48/ [索取号:R473.1/2] | 在馆 | |
| 4 | 44135 | 200176843 | 中心书库中库/ 中库008架B面2列1层8/ [索取号:R473.1/2] | 在馆 |